Guess the Emoji: Song Titles Quiz Stats

 Plays Quiz not verified by Sporcle

Challenge
Share
Tweet
Embed
Score 0/20 Timer 05:00
1 Play Today
Hint Answer % Correct
β˜ΊπŸ˜ŠπŸ‘πŸ‘πŸŽΆπŸŽΆHappy
52.7%
β˜ŽπŸ“žβ˜ŽπŸ“žTelephone
39.2%
πŸ”—πŸ”—πŸ”—πŸ”—πŸ”—Chains
34.2%
πŸ‘Άβ¬‡πŸ‘ΏπŸ’‰ β†©πŸπŸ˜ β€Bad Blood
28.8%
β™¨βž–πŸ’ŽHotline Bling
25.7%
βœ‹πŸ‘‹βœ‹πŸ‘‹βœ‹πŸ“žπŸ“žHello
17.1%
πŸ‘Άβž‘πŸ’₯πŸ’₯πŸ’₯πŸ’₯Firework
14.4%
πŸ‘±πŸƒπŸŽ°β™ β™₯β™£β™¦πŸ‘§Poker Face
12.2%
β˜β˜β˜β¬‡β¬‡πŸ‘ΌπŸ‘ΌπŸ‘ΌFallen Angels
10.8%
πŸ‘€βž‘πŸ”„See You Again
9.5%
Hint Answer % Correct
πŸ‘¦πŸ‘§πŸ‘ΆπŸŒ‹πŸŒ‹πŸŒ‹Young Volcanoes
8.1%
πŸ™‹β€πŸ‘»πŸŒ‡Ghost Town
7.7%
πŸ™‹πŸƒπŸƒπŸƒRunnin'
6.3%
πŸ”«πŸ”«πŸ”«πŸ‘±πŸ’°Bitch Better Have My Money
6.3%
πŸ‘§πŸ‘ΉπŸ‘½πŸ‘ΎMonster
4.1%
πŸ‘±πŸš«πŸ‘βž‘πŸ’‘πŸ‘§Girlfriend
2.7%
πŸŒƒπŸŒ†πŸŒ‡πŸ«πŸ’Skyscrapers
2.3%
πŸ™‹πŸ™ŒπŸπŸImma Be
2.3%
πŸ‘§β†ͺπŸ™Œβž‘πŸ’¨β€Bring me to Life
1.8%
πŸ™‹πŸ’€πŸ˜–πŸ‘ΆIf I Die Young
0.9%

You're not logged in!

Compare scores with friends on all Sporcle quizzes.
Join for Free
OR
Log In

You Might Also Like...

Show Comments

Extras

Created Jan 5, 2016ReportNominate
Tags:Song Quiz

Top Quizzes Today


Score Distribution

Your Account Isn't Verified!

In order to create a playlist on Sporcle, you need to verify the email address you used during registration. Go to your Sporcle Settings to finish the process.

Report this User

Report this user for behavior that violates our Community Guidelines.

Details: